000 00342nam a2200133 i 4500
001 bg
100 1 _aSKORUPSKI, Wiesław
245 0 _aĆwiczenia laboratoryjne z technologii paliw gazowych /
_cWiesław Skorupski.
260 _aWarszawa,
_c1971.
040 _cBPK
041 _apol
942 _cKS
008 s pl f |000 0 pol
999 _c7674
_d7674
856 _uhttp://koha.tu.koszalin.pl/cgi-bin/koha/opac-detail.pl?biblionumber=7674
_yKatalog online BPK